<?xml version="1.0" encoding="UTF-8"?>
<record
    xmlns:xsi="http://www.w3.org/2001/XMLSchema-instance"
    xsi:schemaLocation="http://www.loc.gov/MARC21/slim http://www.loc.gov/standards/marcxml/schema/MARC21slim.xsd"
    xmlns="http://www.loc.gov/MARC21/slim">

  <leader>01606nam a2200337Ic 4500</leader>
  <controlfield tag="001">59877</controlfield>
  <controlfield tag="003">CO-BoRNBP</controlfield>
  <controlfield tag="005">20251107215907.0</controlfield>
  <controlfield tag="007">ta</controlfield>
  <controlfield tag="008">180109s2014    mx a   g      000 0 spa  </controlfield>
  <datafield tag="020" ind1=" " ind2=" ">
    <subfield code="a">9786071509802</subfield>
  </datafield>
  <datafield tag="040" ind1=" " ind2=" ">
    <subfield code="a">CO-BoRNBP</subfield>
    <subfield code="b">spa</subfield>
    <subfield code="e">rda</subfield>
    <subfield code="c">CO-BoRNBP</subfield>
  </datafield>
  <datafield tag="041" ind1=" " ind2=" ">
    <subfield code="a">spa</subfield>
  </datafield>
  <datafield tag="082" ind1="0" ind2="4">
    <subfield code="a">658.1</subfield>
    <subfield code="b">C33i</subfield>
  </datafield>
  <datafield tag="100" ind1=" " ind2=" ">
    <subfield code="a">Chiavenato, Idalberto,</subfield>
    <subfield code="d">1929-</subfield>
    <subfield code="e">aut</subfield>
    <subfield code="9">67021</subfield>
  </datafield>
  <datafield tag="245" ind1="1" ind2="0">
    <subfield code="a">Introducci&#xF3;n a la teor&#xED;a general de la administraci&#xF3;n /</subfield>
    <subfield code="c">Idalberto Chiavenato ; traducci&#xF3;n de Pilar Mascar&#xF3; Sacrist&#xE1;n.</subfield>
  </datafield>
  <datafield tag="250" ind1=" " ind2=" ">
    <subfield code="a">Octava edici&#xF3;n</subfield>
  </datafield>
  <datafield tag="264" ind1=" " ind2="1">
    <subfield code="a">M&#xE9;xico :</subfield>
    <subfield code="b">Mc Graw Hill,</subfield>
    <subfield code="c">2014</subfield>
  </datafield>
  <datafield tag="300" ind1=" " ind2=" ">
    <subfield code="a">489 p&#xE1;ginas :</subfield>
    <subfield code="b">ilustraciones, diagramas en blanco y negro</subfield>
  </datafield>
  <datafield tag="336" ind1=" " ind2=" ">
    <subfield code="a">texto</subfield>
    <subfield code="b">txt</subfield>
    <subfield code="2">rdacontent</subfield>
  </datafield>
  <datafield tag="337" ind1=" " ind2=" ">
    <subfield code="a">sin mediaci&#xF3;n</subfield>
    <subfield code="b">n</subfield>
    <subfield code="2">rdamedia</subfield>
  </datafield>
  <datafield tag="338" ind1=" " ind2=" ">
    <subfield code="a">volumen</subfield>
    <subfield code="b">nc</subfield>
    <subfield code="2">rdacarrier</subfield>
  </datafield>
  <datafield tag="490" ind1="0" ind2=" ">
    <subfield code="a">Education</subfield>
  </datafield>
  <datafield tag="500" ind1=" " ind2=" ">
    <subfield code="a">Incluye &#xED;ndice anal&#xED;tico</subfield>
  </datafield>
  <datafield tag="505" ind1="0" ind2=" ">
    <subfield code="a">1. Introducci&#xF3;n a la teor&#xED;a general de la administraci&#xF3;n -- 2. Los or&#xED;genes de la administraci&#xF3;n -- 3. Enfoque cl&#xE1;sico de la administraci&#xF3;n -- 4. Enfoque humanista de la administraci&#xF3;n -- 5. Enfoque neocl&#xE1;sico de la administraci&#xF3;n -- 6. Enfoque estructuralista de la administraci&#xF3;n -- 7. Enfoque conductual de la administraci&#xF3;n -- 8. Enfoque sist&#xE9;mico de la administraci&#xF3;n --  9. Enfoque de contingencia de la administraci&#xF3;n -- 10. Nuevos enfoques de la administraci&#xF3;n</subfield>
  </datafield>
  <datafield tag="650" ind1="0" ind2="7">
    <subfield code="a">Administraci&#xF3;n de empresas</subfield>
    <subfield code="2">LEMB</subfield>
    <subfield code="9">2735</subfield>
  </datafield>
  <datafield tag="650" ind1="0" ind2="7">
    <subfield code="a">Administraci&#xF3;n</subfield>
    <subfield code="x">Fundamentos</subfield>
    <subfield code="2">lemb</subfield>
    <subfield code="9">66916</subfield>
  </datafield>
  <datafield tag="650" ind1="0" ind2="7">
    <subfield code="a">Calidad</subfield>
    <subfield code="x">Fundamentos</subfield>
    <subfield code="2">lemb</subfield>
    <subfield code="9">67022</subfield>
  </datafield>
  <datafield tag="700" ind1=" " ind2=" ">
    <subfield code="a">Mascar&#xF3; Sacrist&#xE1;n, Pilar</subfield>
    <subfield code="e">trl</subfield>
    <subfield code="9">67023</subfield>
  </datafield>
  <datafield tag="942" ind1=" " ind2=" ">
    <subfield code="2">ddc</subfield>
    <subfield code="c">BK</subfield>
  </datafield>
  <datafield tag="999" ind1=" " ind2=" ">
    <subfield code="c">59877</subfield>
    <subfield code="d">59877</subfield>
  </datafield>
  <datafield tag="952" ind1=" " ind2=" ">
    <subfield code="0">0</subfield>
    <subfield code="1">0</subfield>
    <subfield code="2">ddc</subfield>
    <subfield code="4">0</subfield>
    <subfield code="7">0</subfield>
    <subfield code="8">GEN</subfield>
    <subfield code="a">MEMAPJGA</subfield>
    <subfield code="b">MEMAPJGA</subfield>
    <subfield code="c">GEN</subfield>
    <subfield code="d">2025-11-07</subfield>
    <subfield code="l">0</subfield>
    <subfield code="o">658.1 C33i</subfield>
    <subfield code="p">MPJG00890</subfield>
    <subfield code="r">2025-11-07 21:59:38</subfield>
    <subfield code="t">Ej.1</subfield>
    <subfield code="w">2025-11-07</subfield>
    <subfield code="y">BK</subfield>
  </datafield>
</record>
